00477nam a2200169Ia 4500003000400000008004100004040001600045082001500061100002100076245007500097700001800172260003900190300001100229650001800240650002400258650002500282GCL140319s9999 xx 000 0 eng d aGCL / cGCL04a810.8bP W1 aPERKINS, BARBARA10aWOMEN'S WORK: AN ANTHOLOGY OF AMERICAN LITERATURE / cPERKINS, BARBARA1 aWARHOL, ROBYN a[S.N] : bMC GRAW - HILL ، c1994 a1183 P04aWOMEN AUTHORS04aAMERICAN LITERATURE04aLITERARY COLLECTIONS